Normal view
MARC view
Entry Personal Name
001 - CONTROL NUMBER
- control field: 71126
003 - CONTROL NUMBER IDENTIFIER
- control field: dpl
005 - DATE AND TIME OF LATEST TRANSACTION
- control field: 20240905122345.0
008 - FIXED-LENGTH DATA ELEMENTS
- fixed length control field: 240905|| aca||aabn | a|a d
040 ## - CATALOGING SOURCE
- Original cataloging agency: dpl
- Transcribing agency: dpl
100 ## - HEADING--PERSONAL NAME
- Personal name: Sharafi, Mitra
670 ## - SOURCE DATA FOUND
- Source citation: Work cat.: (dpl)205582: Sharafi, Mitra, Law and Identity in Colonial South Asia:, 2017
